| 000 | 00590nam a22001697a 4500 | ||
|---|---|---|---|
| 003 | MACL | ||
| 005 | 20160722145208.0 | ||
| 008 | 160722b xxu||||| |||| 00| 0 eng d | ||
| 040 | _cMACL | ||
| 041 | _aHindi | ||
| 082 | _a741.642 SHA | ||
| 100 |
_aशास्त्री, ए. सी _964991 |
||
| 245 |
_aसिंहलदीप की पदि़मनी _cए. सी. शास्त्री |
||
| 260 |
_aनई दिल्ली _bराष्ट्रीय साहित्य सदन _c2014 |
||
| 650 |
_aChildren Section _964992 |
||
| 942 |
_2ddc _cHIN |
||
| 999 |
_c54687 _d54687 |
||